000 00204nam a2200097Ia 4500
008 190216s9999||||xx |||||||||||||| ||und||
100 _aNull
245 0 _aHindi-Kavya Thrayi
260 _bNull
942 _cBK
999 _c17755
_d17755